• 首页
  • 本馆介绍
  • 公告通知
  • 最新文献
  • 馆藏检索
  • 电子资源
  • 读者导购
  • 参考咨询
  • 我的图书馆
  • 登录
  • 详细信息显示
  • 放入我的书架
  • 预约/预借图书
  • 作者相关作品
  • 分类相关作品
  • 丛书相关作品
  • 出版社相关作品

书目信息

  • 表格格式
  • 工作单格式
  • 卡片格式
题名:
市场调查方法与应用
    
 
作者: 朱胜 主编 ;冯亮能 副主编
分册:  
出版信息: 北京   中国统计出版社  2004
页数: 267页
开本: 23cm
丛书名:
单 册:
中图分类: F713.52
科图分类:
主题词: 市场--调查--高等学校--教材
电子资源:
ISBN: 7-5037-4271-2
000 00894nam0 2200265 45
001 0900000020774
005 20050912113955.28
010    @a7-5037-4271-2@dCNY28.00
100    @a20041231d2004 ekmy0chiy0120 ea
101 0  @achi
102    @aCN@b110000
105    @ay az 000yy
200 1  @a市场调查方法与应用@Ashi chang diao cha fang fa yu ying yong@f朱胜主编@Fzhu sheng zhu bian@g冯亮能副主编
210    @a北京@c中国统计出版社@d2004
215    @a267页@d23cm
300    @a全国统计教材编审委员会“十五”规划教材
320    @a有书目
330    @a本书以介绍方法为主,讲述了市场调查基本知识,市场调查策划,市场调查的实施,以及市场调查数据的整理与报告。
606 0  @a市场@x调查@x高等学校@x教材
690    @aF713.52@v4
701  0 @a朱胜@Azhu sheng@4主编
702  0 @a冯亮能@Afeng liang neng@4副主编
801  0 @aCN@bTSSF@c20050912
905    @a10447@dF713.52@e103
999    @aAFJ@eJDD
    
    市场调查方法与应用/朱胜主编/冯亮能副主编.-北京:中国统计出版社,2004
    267页;23cm
    全国统计教材编审委员会“十五”规划教材
    
    ISBN 7-5037-4271-2:CNY28.00
    本书以介绍方法为主,讲述了市场调查基本知识,市场调查策划,市场调查的实施,以及市场调查数据的整理与报告。
●
相关链接 在E读中查询图书 在五车中查询图书 在当当中查询图书 在豆瓣中查询图书


正题名:市场调查方法与应用     索取号:F713.52/103         预约/预借

序号 登录号 条形码 馆藏地/架位号 状态 备注
1 0360765   3607653   第一样本阅览室/ [索取号:F713.52/103] 在馆    
2 0360766   3607662   第一借阅区/ [索取号:F713.52/103] 在馆    
3 0360767   3607671   第一借阅区/ [索取号:F713.52/103] 在馆    
唐山师范学院图书馆 欢迎您!
大连网信软件有限公司© 版权所有